000 00548nam a2200181Ia 4500
008 100920s9999 xx 000 0 und d
082 _b104367
_a24 न 09
100 _aश्रीधर अग्नी ,कुलकर्णी उमा.
245 _aजिगर.
260 _bमेहतापब्लिशिंग हाऊस. पुणे.
_c2009
300 _a59
_bसाधी
365 _b60
520 _aसायो.
630 _aजिगर.
650 _aसायो.
730 _aजिगर.
942 _cBOOK
999 _c744799
_d744796